000 01320nam a22003617a 4500
003 CHAP
005 20220329143107.0
008 060310d2005 mx r 00110 spa d
010 _a91846
011 _a92818
035 _a103384
040 _cCHAP
090 _aTesis
100 1 _aMijangos Cortés, Javier Orlando.
_975633
245 1 0 _aEstudio de la diversidad genética y relaciones filogenéticas en poblaciones de maíz de la Sierra Tarasca de Michoacán
_c/por Javier Orlando Mijangos Cortés
260 _aMontecillo, Méx. :
_bEl autor,
_c2005.
300 _a223 h.
502 _aTesis (Doctor en Ciencias) - - Colegio de Postgraduados. Campus Montecillo. Recursos Genéticos y Productividad Genética
590 _aALEPH
_b10
_c20130110
_lUCH01
_h1510
590 _aBATCH-UPD
_b10
_c20130110
_lUCH01
_h0645
590 _aBATCH-UPD
_b10
_c20130410
_lUCH01
_h0329
590 _aBATCH-UPD
_b10
_c20130914
_lUCH01
_h1756
590 _aCONVERSION
_b10
_c20130109
_lUCH01
_h1351
650 1 4 _aMaíz
_xGenética.
_970963
650 1 4 _aMaíz
_xMejoramiento.
_971006
650 1 4 _aMaíz
_xMichoacán.
_971019
650 1 4 _aMaíz
_xVariedades.
_971081
650 1 4 _aRecursos genéticos.
_995078
901 _aBK
905 _aLilia
942 _cTESIS
949 _aTesis
_bBC
_cTES
_d33724000958401
_eTS1
_h44727
_i103384
_sb
999 _c91846
_d91846